LDR 00839naa#a2200169#i#450# 001 RU\INFRA-M\bibl\106838 005 20260427014759.1 011 ## _a2500-3291 100 ## _a20251025b2025####ek#y0rusy0150####ca 102 ## _aRU 200 1# _aТехнологии процессного управления информационной деятельностью 
экономических систем _eЖурнальная статья 210 1# _aМосква _cОбщество с ограниченной ответственностью «Научно-издательский центр ИНФРА-М» _d2025 215 ## _a9 с. 608 ## _aЖурнальная статья _2local 675 ## _aУправление экономикой в рыночном хозяйстве. 338.242 _z 700 #1 _aАстафьева _gН. С. 856 4# _azh-szf.ru _u